000 00546nam a22001811a 4500
001 3485
003 OSt
005 20260204211853.0
008 041007s2003||||dr ||||||b||||||||||spa||
020 _a9993494909
050 _aRD 327.7293 R618h
082 _aRD 327.7293 R618h
100 _aRodríguez Cabrer, Miguel Antonio
245 _aHistoria jurídica de la cancillería dominicana / Miguel Antonio Rodríguez Cabrer
264 _aSanto Domingo : Unicaribe
650 _a1.Relaciones Internacioales 2.Historia JurídicaÌ
942 _2ddc
_cBK
999 _c3485
_d3485